000 00619nam a2200193Ia 4500
003 GCL
008 140319s9999 xx 000 0 ara d
040 _aGCL /
_cGCL
082 0 4 _a621.56
_bص ف
100 1 _aصبرى بولس
245 1 0 _aفحص وعلاج عوارض واعطال وحدات تكييف الهواء المجمعة القائمة بذاتها /
_cصبرى بولس
260 _a[S.N] :
_bدار المعارف ،
_c1993
300 _a72 ص
490 _a
650 0 4 _aهندسة البيئة
650 0 4 _aتكييف الهواء
650 0 4 _aهندسة كهربائية
942 _2ddc
_cBK
999 _c55082
_d55082